[Event "11th EUR-ch"]
[Site "Rijeka CRO"]
[Date "2010.03.10"]
[Round "5"]
[White "Levine, Yonatan"]
[Black "Pancevski, Filip"]
[Result "0-1"]
[WhiteElo "2096"]
[BlackElo "2423"]
[EventDate "2010.03.06"]
[PlyCount "86"]

1.c4 g6 2.Nc3 Bg7 3.g3 d6 4.Bg2 Nc6 5.e4 e5 6.Nge2 Nge7 7.d3 O-O 8.O-O Be6
9.Nd5 Qd7 10.Be3 Nd4 11.Nxe7+ Qxe7 12.Bxd4 exd4 13.b4 c6 14.a4 Bd7 15.Ra2 
Rae8 16.b5 f5 17.exf5 Rxf5 18.Nc1 Re5 19.Qd2 a6 20.bxa6 bxa6 21.Rb2 Qd8 
22.Rb7 c5 23.a5 Bc8 24.Rb6 Qe7 25.Bc6 Rf8 26.Bg2 h5 27.Be4 Qf6 28.f4 Re7 
29.Qg2 Kh8 30.Nb3 Rc7 31.Nd2 g5 32.fxg5 Qxg5 33.Rxf8+ Bxf8 34.Nf3 Qf6 35.
Nh4 Rf7 36.Qf3 Bh3 37.Qxh5+ Bh6 38.Rb8+ Kg7 39.Nf3 Qe6 40.Rb7 Rxb7 41.Bxb7
Qe3+ 42.Kh1 Qc1+ 43.Ng1 Be3 0-1

[Event "11th EUR-ch"]
[Site "Rijeka CRO"]
[Date "2010.03.10"]
[Round "5"]
[White "Martic, Zlatko"]
[Black "Krauss, Josef"]
[Result "1-0"]
[WhiteElo "2404"]
[BlackElo "2100"]
[EventDate "2010.03.06"]
[PlyCount "53"]

1.d4 d5 2.c4 c6 3.Nf3 Nf6 4.Nc3 dxc4 5.e4 b5 6.e5 Nd5 7.a4 e6 8.axb5 Nxc3 
9.bxc3 cxb5 10.Ng5 Bb7 11.Qg4 Bd5 12.Be2 Nc6 13.Bf3 Be7 14.Ne4 Kf8 15.O-O 
a5 16.Bg5 Bxg5 17.Nxg5 Rb8 18.Qf4 Rb7 19.Nxe6+ Bxe6 20.Bxc6 Rb6 21.d5 Bxd5
22.Bxd5 Qxd5 23.Rfd1 Qa8 24.Rd7 Qe8 25.Rad1 Rb8 26.e6 f6 27.Qc7 1-0

[Event "11th EUR-ch"]
[Site "Rijeka CRO"]
[Date "2010.03.10"]
[Round "5"]
[White "Reinwald, Patrick"]
[Black "Plat, Vojtech"]
[Result "0-1"]
[WhiteElo "2091"]
[BlackElo "2395"]
[EventDate "2010.03.06"]
[PlyCount "70"]

1.e4 Nf6 2.e5 Nd5 3.d4 d6 4.Nf3 g6 5.Bc4 Nb6 6.Bb3 Bg7 7.a4 a5 8.Ng5 e6 9.
f4 h6 10.Nf3 Nc6 11.O-O Ne7 12.Nc3 Bd7 13.Qe2 Bc6 14.Be3 Qd7 15.Nd2 d5 16.
Nf3 Bf8 17.Ne1 Nf5 18.Nd3 Bb4 19.Nc5 Bxc5 20.dxc5 d4 21.Bf2 dxc3 22.cxb6 
cxb2 23.Rab1 Qe7 24.bxc7 Qxc7 25.c3 g5 26.fxg5 hxg5 27.Bd4 g4 28.Qxg4 
O-O-O 29.Rxf5 exf5 30.Qxf5+ Kb8 31.Qxf7 Qxf7 32.Bxf7 Be4 33.Ba2 Rdg8 34.g3
Rxg3+ 35.Kf2 Rf3+ 0-1

[Event "11th EUR-ch"]
[Site "Rijeka CRO"]
[Date "2010.03.10"]
[Round "5"]
[White "Schmidt, Raul"]
[Black "Burstein, Almog"]
[Result "1-0"]
[WhiteElo "2387"]
[BlackElo "2100"]
[EventDate "2010.03.06"]
[PlyCount "43"]

1.Nf3 d5 2.d4 Nf6 3.c4 e6 4.g3 Be7 5.Bg2 O-O 6.O-O Nbd7 7.Qc2 c6 8.Nbd2 b6
9.e4 dxe4 10.Nxe4 Bb7 11.Nc3 c5 12.d5 exd5 13.Nh4 Ba6 14.Nxd5 Nxd5 15.Bxd5
Rc8 16.Nf5 Bg5 17.Re1 Rc7 18.Qc3 Qf6 19.Bxg5 Qxg5 20.Qf3 Nf6 21.Re5 Qg4 
22.Nh6+ 1-0

[Event "11th EUR-ch"]
[Site "Rijeka CRO"]
[Date "2010.03.10"]
[Round "5"]
[White "Hetzer, Volkhard"]
[Black "Nedochetov, Mikhail"]
[Result "0-1"]
[WhiteElo "2086"]
[BlackElo "2299"]
[EventDate "2010.03.06"]
[PlyCount "58"]

1.d4 Nf6 2.c4 c5 3.d5 g6 4.Nc3 Bg7 5.Nf3 O-O 6.Bg5 d6 7.e3 h6 8.Bh4 Qa5 9.
Qd2 a6 10.h3 b5 11.Ne4 Qxd2+ 12.Nexd2 g5 13.Bg3 bxc4 14.Bxc4 Nh5 15.Bh2 
Bxb2 16.Rb1 Bg7 17.g4 Nf6 18.Ke2 a5 19.e4 Ne8 20.Kd3 Na6 21.a3 Nac7 22.e5 
f5 23.exd6 Nxd6 24.Ne5 fxg4 25.hxg4 Rxf2 26.Nc6 Nxc4 27.Kxc4 Nxd5 28.Ne5 
Ne3+ 29.Kd3 Nxg4 0-1

[Event "11th EUR-ch"]
[Site "Rijeka CRO"]
[Date "2010.03.10"]
[Round "5"]
[White "Pesotskyi, Vitaly"]
[Black "Bozinovic, Boban"]
[Result "1-0"]
[WhiteElo "2282"]
[BlackElo "2086"]
[EventDate "2010.03.06"]
[PlyCount "131"]

1.e4 c5 2.Nf3 d6 3.d4 cxd4 4.Nxd4 Nf6 5.Nc3 g6 6.Be2 Nc6 7.Be3 Bg7 8.O-O 
O-O 9.h3 Nxd4 10.Bxd4 Be6 11.Bf3 Nd7 12.Bxg7 Kxg7 13.Nd5 Bxd5 14.Qxd5 Qb6 
15.Qb3 Qxb3 16.axb3 Ne5 17.Be2 a6 18.Rfd1 Rac8 19.c3 g5 20.Ra5 h6 21.f3 f6
22.Kf2 Rc6 23.b4 Rb8 24.Rda1 Nc4 25.Bxc4 Rxc4 26.Ke3 h5 27.h4 Kg6 28.hxg5 
fxg5 29.Rd5 Rc6 30.Raa5 e5 31.b5 axb5 32.Rdxb5 Kf6 33.Ra7 Rc7 34.Rb6 Ke6 
35.Ra1 Rd7 36.c4 Ke7 37.Rd1 Rc8 38.b3 h4 39.Ra1 Rc6 40.Rb5 Rc8 41.Kf2 Rc5 
42.Rb6 Rc6 43.Rb4 Rc8 44.Ke3 Kf6 45.Ra7 Rb8 46.Rb6 Ke7 47.Ra5 Rc8 48.Rab5 
Ra8 49.Kf2 Ra7 50.Kg1 g4 51.fxg4 Kf6 52.Rd5 Kg5 53.Rdxd6 Rxd6 54.Rxd6 Kxg4
55.Kh2 Kf4 56.Rd7 Kxe4 57.b4 Ke3 58.c5 e4 59.c6 Ra8 60.Rxb7 Kf2 61.Rf7+ 
Ke2 62.b5 e3 63.b6 Re8 64.c7 Kd1 65.Rd7+ Ke1 66.b7 1-0

[Event "11th EUR-ch"]
[Site "Rijeka CRO"]
[Date "2010.03.10"]
[Round "5"]
[White "Veleski, Robert"]
[Black "Schweitzer, Werner"]
[Result "1-0"]
[WhiteElo "2278"]
[BlackElo "2069"]
[EventDate "2010.03.06"]
[PlyCount "125"]

1.c4 c6 2.d4 d5 3.cxd5 cxd5 4.Nc3 Nc6 5.Nf3 Nf6 6.Bf4 Qb6 7.Na4 Qa5+ 8.Bd2
Qd8 9.e3 e6 10.Bb5 Bd7 11.O-O a6 12.Bd3 Bd6 13.Rc1 O-O 14.Nc5 Bc8 15.Qb3 
Qe7 16.Rc2 e5 17.dxe5 Nxe5 18.Nxe5 Qxe5 19.f4 Qe7 20.Na4 Rb8 21.Rfc1 Ne4 
22.Bxe4 dxe4 23.Nb6 Be6 24.Qa4 Qf6 25.Nd7 Bxd7 26.Qxd7 Rfd8 27.Rc8 Bf8 28.
Qxd8 Qxd8 29.Rxd8 Rxd8 30.Ba5 Rb8 31.Bb6 Be7 32.g4 g6 33.g5 Bd8 34.Ba7 Ra8
35.Bd4 b5 36.Kf2 Kf8 37.Ke2 Ke8 38.h4 Kd7 39.Rc5 Bc7 40.Be5 Rc8 41.Bxc7 
Rxc7 42.Rd5+ Ke8 43.Kd2 Re7 44.Rd6 a5 45.Rb6 Rd7+ 46.Ke2 Rd5 47.Rb7 Rc5 
48.Kd2 Rd5+ 49.Kc2 Rc5+ 50.Kb3 Rd5 51.Rc7 Rd3+ 52.Rc3 Rd5 53.Kc2 Kd7 54.a4
Kd6 55.axb5 Rxb5 56.Rc4 Rc5 57.Kb3 Rb5+ 58.Ka3 f5 59.gxf6 Ke6 60.Rxe4+ 
Kxf6 61.b3 Kf5 62.Ka4 Rc5 63.Rc4 1-0

[Event "11th EUR-ch"]
[Site "Rijeka CRO"]
[Date "2010.03.10"]
[Round "5"]
[White "Guidi, Maurizio"]
[Black "Maevsky, Nikolay"]
[Result "0-1"]
[WhiteElo "2050"]
[BlackElo "2275"]
[EventDate "2010.03.06"]
[PlyCount "106"]

1.e4 c6 2.d4 d5 3.Nc3 dxe4 4.Nxe4 Bf5 5.Ng3 Bg6 6.h4 h6 7.Nh3 Nf6 8.Nf4 
Bh7 9.Be3 e6 10.Bd3 Bxd3 11.Qxd3 Qa5+ 12.Bd2 Bb4 13.a3 Bxd2+ 14.Qxd2 Qb5 
15.O-O-O Nbd7 16.Qd3 Qa5 17.Qd2 Qc7 18.Nd3 O-O 19.Qf4 Qb6 20.Ne5 Nd5 21.
Nxd7 Nxf4 22.Nxb6 axb6 23.Rhg1 Rfd8 24.Rd2 Ra5 25.f3 Rad5 26.Rgd1 Ng6 27.
c4 Ra5 28.h5 Nf4 29.Ne4 Rxh5 30.g3 Ng6 31.c5 Ne7 32.Nd6 Rd7 33.b4 Nd5 34.
Nc4 b5 35.Na5 Rg5 36.Rg1 Ne3 37.Kb2 Nf5 38.g4 h5 39.Nb3 hxg4 40.Rxg4 Rxg4 
41.fxg4 Ne3 42.Kc3 Nxg4 43.Ra2 Ne3 44.Ra1 Nd5+ 45.Kb2 g5 46.Nd2 g4 47.Ne4 
f5 48.Nd6 g3 49.Kc2 f4 50.Ne4 Rg7 51.Rg1 g2 52.Kd2 f3 53.Nf2 Nf4 0-1

[Event "11th EUR-ch"]
[Site "Rijeka CRO"]
[Date "2010.03.10"]
[Round "5"]
[White "Hayes, Peter"]
[Black "Dimitrijevic, Darko"]
[Result "0-1"]
[WhiteElo "2046"]
[BlackElo "2272"]
[EventDate "2010.03.06"]
[PlyCount "98"]

1.d4 Nf6 2.Nf3 e6 3.c4 c5 4.d5 exd5 5.cxd5 Bd6 6.Nc3 O-O 7.g3 a6 8.Bg2 Re8
9.a4 Bc7 10.O-O d6 11.Nh4 Ba5 12.Qc2 Nbd7 13.e4 c4 14.Be3 Ng4 15.Bd4 Qc7 
16.Nf5 g6 17.Qd2 f6 18.h3 Nge5 19.Nh6+ Kg7 20.Ng4 Nf7 21.Qf4 Qd8 22.Rfc1 
Nde5 23.Bxe5 Nxe5 24.Qh6+ Kg8 25.Nxe5 fxe5 26.Kh2 Rf8 27.Rf1 Bb6 28.f4 Be3
29.Rae1 exf4 30.gxf4 Bd4 31.e5 dxe5 32.d6 Qxd6 33.Ne4 Qe7 34.Ng5 Qg7 35.
Bd5+ Kh8 36.Qxg7+ Kxg7 37.fxe5 Rxf1 38.Rxf1 Bxe5+ 39.Kg2 Bf5 40.Ne6+ Kf6 
41.Bxc4 Rc8 42.Bb3 Bxb2 43.Rf2 Be5 44.h4 Rc3 45.Bd5 Rd3 46.Bc4 Rg3+ 47.Kf1
Rg4 48.Bd5 Ke7 49.Ng5 Bd3+ 0-1

[Event "11th EUR-ch"]
[Site "Rijeka CRO"]
[Date "2010.03.10"]
[Round "5"]
[White "Cucancic, Sinisa"]
[Black "Lazic, Dusko"]
[Result "1-0"]
[WhiteElo "2271"]
[BlackElo "2046"]
[EventDate "2010.03.06"]
[PlyCount "71"]

1.e4 e5 2.Nf3 d6 3.d4 Nd7 4.Bc4 Ngf6 5.dxe5 Nxe5 6.Nxe5 dxe5 7.Bxf7+ Kxf7 
8.Qxd8 Bb4+ 9.Qd2 Bxd2+ 10.Nxd2 b6 11.f3 Ba6 12.Nf1 Rhd8 13.Bd2 Rd7 14.Ng3
Rad8 15.O-O-O h5 16.Bg5 g6 17.Rxd7+ Rxd7 18.Bxf6 Kxf6 19.Rd1 Re7 20.Kd2 h4
21.Ne2 Ke6 22.Ke3 Rg7 23.Rd8 g5 24.Rh8 g4 25.f4 Bxe2 26.f5+ Kf6 27.Kxe2 
Kg5 28.g3 hxg3 29.hxg3 Kf6 30.c3 a6 31.a4 Ke7 32.Rh6 Kd7 33.Re6 Rh7 34.
Rxe5 Rh2+ 35.Ke3 Rxb2 36.f6 1-0

[Event "11th EUR-ch"]
[Site "Rijeka CRO"]
[Date "2010.03.10"]
[Round "5"]
[White "Bach, Adrian-Kalman"]
[Black "Porfireanu, Serban"]
[Result "1-0"]
[WhiteElo "2251"]
[BlackElo "2034"]
[EventDate "2010.03.06"]
[PlyCount "71"]

1.e4 c6 2.d4 d5 3.Nc3 dxe4 4.Nxe4 Bf5 5.Ng3 Bd7 6.Bc4 e6 7.Nf3 Nf6 8.O-O 
Qc7 9.Re1 Be7 10.Ne5 O-O 11.b3 b5 12.Bf1 a5 13.a4 Na6 14.Bb2 b4 15.Bd3 
Rfd8 16.Qe2 Nb8 17.Nh5 Be8 18.Nxf6+ Bxf6 19.Qe4 g6 20.Qf4 Qe7 21.d5 Bg5 
22.Qd4 Rxd5 23.Nxg6 Rxd4 24.Nxe7+ Bxe7 25.Bxd4 c5 26.Bb2 Nc6 27.Re4 e5 28.
Rg4+ Kh8 29.Be4 Bd7 30.Bxc6 Bxc6 31.Bxe5+ f6 32.Bb2 Rd8 33.Re1 h6 34.h4 h5
35.Rf4 Rg8 36.Rxe7 1-0

[Event "11th EUR-ch"]
[Site "Rijeka CRO"]
[Date "2010.03.10"]
[Round "5"]
[White "Valkovic, Kristian"]
[Black "Tassopoulos, Marios"]
[Result "1-0"]
[WhiteElo "2027"]
[BlackElo "2245"]
[EventDate "2010.03.06"]
[PlyCount "175"]

1.d4 d5 2.Nf3 Nf6 3.Bf4 c5 4.e3 Nc6 5.c3 Qb6 6.Qb3 c4 7.Qxb6 axb6 8.Na3 
Bf5 9.Nb5 Ra5 10.a4 e6 11.Be2 Bc2 12.Bd1 Bxd1 13.Kxd1 Ne4 14.Ke2 Kd7 15.
Nd2 Nxd2 16.Kxd2 Be7 17.f3 Rha8 18.Nc7 Rc8 19.Nb5 Na7 20.Kc2 Nxb5 21.axb5 
Rca8 22.Rxa5 Rxa5 23.e4 Rxb5 24.Bd2 Ra5 25.g4 Ra8 26.Re1 Bd6 27.h3 b5 28.
Rg1 Kc6 29.e5 Be7 30.f4 g6 31.Rf1 Kd7 32.f5 Rg8 33.f6 Bd8 34.Ra1 Bb6 35.
Be3 h5 36.g5 Rc8 37.Ra2 Rc6 38.Ra3 Bd8 39.Bc1 Ra6 40.b4 cxb3+ 41.Rxb3 Kc6 
42.Ba3 Ra4 43.Kb2 Ba5 44.h4 Rc4 45.Bd6 Kb6 46.Be7 Ka6 47.Ra3 Ra4 48.Rb3 
Rc4 49.Ra3 Ra4 50.Rb3 b4 51.cxb4 Bb6 52.b5+ Ka7 53.Bc5 Bxc5 54.dxc5 Rc4 
55.Rc3 Rxh4 56.Kb3 Kb8 57.c6 Rc4 58.Rxc4 dxc4+ 59.Kxc4 h4 60.Kc5 h3 61.Kd6
bxc6 62.bxc6 Kc8 63.Ke7 h2 64.Kxf7 h1=Q 65.Kg8 Qe4 66.f7 Qxe5 67.f8=Q+ Kc7
68.Qf7+ Kxc6 69.Qxg6 Kd5 70.Qd3+ Kc5 71.Qc2+ Kb4 72.Qb1+ Ka3 73.g6 Qf6 74.
Qd3+ Ka2 75.Qa6+ Kb1 76.Qb7+ Ka2 77.Qf7 Qd8+ 78.Kg7 Kb1 79.Qb7+ Ka2 80.
Qa6+ Kb3 81.Qxe6+ Kc2 82.Qe4+ Kb2 83.Kh7 Qg5 84.Qd4+ Kb1 85.Qb6+ Ka1 86.g7
Qe7 87.Qd4+ Ka2 88.Kh8 1-0

[Event "11th EUR-ch"]
[Site "Rijeka CRO"]
[Date "2010.03.10"]
[Round "5"]
[White "Bar, Aviv"]
[Black "Papadakis, Michalis"]
[Result "1/2-1/2"]
[WhiteElo "2022"]
[BlackElo "2244"]
[EventDate "2010.03.06"]
[PlyCount "75"]

1.Nf3 d5 2.d4 Nf6 3.c4 c6 4.Nc3 dxc4 5.a4 Bf5 6.Ne5 e6 7.f3 c5 8.e4 Bg6 9.
Be3 cxd4 10.Qxd4 Qxd4 11.Bxd4 Nfd7 12.Nxd7 Nxd7 13.Bxc4 a6 14.h4 Rc8 15.
Ba2 h5 16.Ke2 Bc5 17.Rhd1 Bxd4 18.Rxd4 Ke7 19.Rad1 Nb8 20.Ke3 Rhd8 21.Rxd8
Rxd8 22.Rxd8 Kxd8 23.Ne2 e5 24.Ng3 Ke7 25.Nf5+ Bxf5 26.exf5 Nd7 27.a5 b6 
28.b4 bxa5 29.bxa5 Nc5 30.Bc4 Nb7 31.Bxa6 Nxa5 32.Ke4 f6 33.f4 exf4 34.
Kxf4 Kf7 35.Be2 g6 36.Bd3 gxf5 37.Kxf5 Nc6 38.Bb1 1/2-1/2

[Event "11th EUR-ch"]
[Site "Rijeka CRO"]
[Date "2010.03.10"]
[Round "5"]
[White "Partys, Petr"]
[Black "Sgnaolin, Davide"]
[Result "1/2-1/2"]
[WhiteElo "1977"]
[BlackElo "2234"]
[EventDate "2010.03.06"]
[PlyCount "34"]

1.e4 c5 2.Nf3 Nc6 3.c3 Nf6 4.e5 Nd5 5.d4 cxd4 6.cxd4 d6 7.exd6 e6 8.Nc3 
Qxd6 9.Bd3 Be7 10.O-O b6 11.Re1 h6 12.a3 Bb7 13.Nxd5 Qxd5 14.Be4 Qd7 15.
Be3 Rd8 16.Rc1 Bf6 17.Bb1 Qc7 1/2-1/2

[Event "11th EUR-ch"]
[Site "Rijeka CRO"]
[Date "2010.03.10"]
[Round "5"]
[White "Gebigke, Martin"]
[Black "Stefan, Mario"]
[Result "1-0"]
[WhiteElo "2232"]
[BlackElo "1968"]
[EventDate "2010.03.06"]
[PlyCount "69"]

1.d4 Nf6 2.c4 g6 3.Nf3 Bg7 4.Nc3 d5 5.Qb3 dxc4 6.Qxc4 O-O 7.e4 Na6 8.Be3 
c5 9.dxc5 Ng4 10.Bd2 Be6 11.Qb5 Bd7 12.Qxb7 Nxc5 13.Qb4 Qc7 14.Rc1 Rfc8 
15.Be2 Rab8 16.Qa3 Qb7 17.O-O Qxb2 18.Qxb2 Rxb2 19.Nd5 Kf8 20.Bb4 Nxe4 21.
Bxe7+ Kg8 22.Bc4 Nd2 23.Nxd2 Rxd2 24.Bg5 Rb2 25.Ne7+ Kh8 26.Nxc8 Bxc8 27.
Rfd1 h6 28.Bh4 Be6 29.Bxe6 fxe6 30.h3 g5 31.Bg3 Ne5 32.Rc8+ Kh7 33.Rc7 Rb5
34.Bxe5 Rxe5 35.Rdd7 1-0

[Event "11th EUR-ch"]
[Site "Rijeka CRO"]
[Date "2010.03.10"]
[Round "5"]
[White "Juranic, Bruno"]
[Black "Gradiser, Dragoljub"]
[Result "1-0"]
[WhiteElo "2220"]
[BlackElo "1954"]
[EventDate "2010.03.06"]
[PlyCount "53"]

1.e4 c5 2.Nc3 e6 3.Nge2 Nc6 4.h3 Nf6 5.g3 Be7 6.Bg2 a6 7.a4 d5 8.exd5 exd5
9.d4 cxd4 10.Nxd4 Nxd4 11.Qxd4 Be6 12.O-O Rc8 13.Rd1 Rc4 14.Qxc4 dxc4 15.
Rxd8+ Bxd8 16.Bxb7 a5 17.Bc6+ Nd7 18.Bf4 f6 19.Nb5 Kf7 20.Nd6+ Kg6 21.g4 
f5 22.Re1 Nf8 23.Be8+ Kf6 24.Be5+ Ke7 25.gxf5 Bd5 26.Bg3+ Kf6 27.Bh4+ 1-0

[Event "11th EUR-ch"]
[Site "Rijeka CRO"]
[Date "2010.03.10"]
[Round "5"]
[White "Civric, Zdravko"]
[Black "Nakas, Spyridon"]
[Result "1-0"]
[WhiteElo "2207"]
[BlackElo "1934"]
[EventDate "2010.03.06"]
[PlyCount "62"]

1.d4 d5 2.Nf3 Nf6 3.c4 c6 4.Nc3 dxc4 5.a4 Bf5 6.Ne5 Nbd7 7.Nxc4 Qc7 8.g3 
e5 9.dxe5 Nxe5 10.Bf4 Nfd7 11.Bg2 f6 12.O-O O-O-O 13.Ne3 Nc5 14.Ncd5 cxd5 
15.Nxf5 Qd7 16.Nd4 g5 17.Be3 Nc4 18.Qc1 Kb8 19.b4 Ne4 20.b5 Rc8 21.a5 Bc5 
22.a6 Nxe3 23.Qxe3 b6 24.Rfd1 Rhe8 25.Qb3 Bxd4 26.Rxd4 Re5 27.Bxe4 Rxe4 
28.Rxe4 dxe4 29.Rd1 Qe8 30.Rd6 f5 31.Qb2 Qe7 1-0

[Event "11th EUR-ch"]
[Site "Rijeka CRO"]
[Date "2010.03.10"]
[Round "5"]
[White "Di Lazzaro, Gabriele"]
[Black "Sheskin, Matan"]
[Result "0-1"]
[WhiteElo "1898"]
[BlackElo "2207"]
[EventDate "2010.03.06"]
[PlyCount "48"]

1.e4 e5 2.d4 exd4 3.Qxd4 Nc6 4.Qe3 Nf6 5.Nc3 Bb4 6.Bd2 O-O 7.O-O-O Re8 8.
Bc4 d6 9.Nf3 Na5 10.Bd3 Nc6 11.h3 d5 12.e5 d4 13.Qg5 dxc3 14.exf6 cxd2+ 
15.Nxd2 Qxf6 16.Qh5 g6 17.Qb5 a6 18.Qa4 Be6 19.c3 Bxc3 20.bxc3 Qxc3+ 21.
Bc2 b5 22.Nb1 Qc5 23.Qf4 Bf5 24.Rd2 Re4 0-1

[Event "11th EUR-ch"]
[Site "Rijeka CRO"]
[Date "2010.03.10"]
[Round "5"]
[White "Kostanjsek, Zorko"]
[Black "Jokic, Miljenko"]
[Result "1-0"]
[WhiteElo "2204"]
[BlackElo "1949"]
[EventDate "2010.03.06"]
[PlyCount "81"]

1.c4 e5 2.Nc3 Nf6 3.e3 d5 4.cxd5 Nxd5 5.Nf3 Nc6 6.Bb5 Nxc3 7.bxc3 Bd6 8.d4
exd4 9.exd4 Qe7+ 10.Be3 O-O 11.O-O Bg4 12.Be2 Rfe8 13.Re1 Qd7 14.Rb1 Na5 
15.h3 Bf5 16.Rb5 b6 17.a4 c6 18.Rb2 Rad8 19.Bg5 f6 20.Be3 Be6 21.Nd2 Qc7 
22.Bd3 Ba3 23.Rb1 Qf7 24.Qc2 g6 25.h4 f5 26.Bg5 Be7 27.Nf3 Bc4 28.Bxc4 
Nxc4 29.Rxe7 Rxe7 30.Bxe7 Qxe7 31.Re1 Qd7 32.Qa2 Qd5 33.Re7 a5 34.Qe2 h6 
35.Rc7 Rf8 36.Qe7 Rf7 37.Rc8+ Kg7 38.Qe8 Kf6 39.Qxc6+ Qxc6 40.Rxc6+ Ke7 
41.Rxc4 1-0

[Event "11th EUR-ch"]
[Site "Rijeka CRO"]
[Date "2010.03.10"]
[Round "5"]
[White "Antoniacci, Riccardo"]
[Black "Pogosian, Vladimir"]
[Result "0-1"]
[WhiteElo "1921"]
[BlackElo "2204"]
[EventDate "2010.03.06"]
[PlyCount "58"]

1.e4 d6 2.d4 Nd7 3.Bd3 e5 4.c3 Ngf6 5.Bg5 Be7 6.Ne2 h6 7.Bh4 O-O 8.Nd2 c6 
9.a4 d5 10.f3 exd4 11.cxd4 dxe4 12.fxe4 Nc5 13.Bc2 Ncxe4 14.Nxe4 Nxe4 15.
Bxe7 Qxe7 16.O-O Bg4 17.Rf4 Nf6 18.Rxg4 Qe3+ 19.Kh1 Nxg4 20.Qf1 Rfe8 21.
Ng3 Nf2+ 22.Kg1 Ne4+ 23.Kh1 Nxg3+ 24.hxg3 Qxg3 25.Qf5 g6 26.Qd7 Rad8 27.
Qxb7 Re1+ 28.Rxe1 Qxe1+ 29.Kh2 Rxd4 0-1

[Event "11th EUR-ch"]
[Site "Rijeka CRO"]
[Date "2010.03.10"]
[Round "5"]
[White "Jelecevic, Ivo"]
[Black "Jambresic, Jurica"]
[Result "1-0"]
[WhiteElo "2203"]
[BlackElo "1877"]
[EventDate "2010.03.06"]
[PlyCount "45"]

1.e4 e5 2.Nf3 Nc6 3.Bb5 a6 4.Ba4 Nf6 5.O-O b5 6.Bb3 Be7 7.d4 Nxd4 8.Nxd4 
exd4 9.e5 Ne4 10.Qf3 O-O 11.Qxe4 Rb8 12.c3 dxc3 13.Nxc3 d6 14.Bf4 Re8 15.
Rad1 Bg5 16.Qe3 Be7 17.Rfe1 Bb7 18.Nd5 Bf8 19.Qg3 Bxd5 20.Bxd5 Rb6 21.Be3 
Rxe5 22.Bxb6 Rxe1+ 23.Rxe1 1-0

[Event "11th EUR-ch"]
[Site "Rijeka CRO"]
[Date "2010.03.10"]
[Round "5"]
[White "Hartung, Jerry"]
[Black "Pejic, Igor"]
[Result "1-0"]
[WhiteElo "2191"]
[BlackElo "1900"]
[EventDate "2010.03.06"]
[PlyCount "95"]

1.Nf3 d5 2.d4 Nf6 3.e3 c5 4.c3 Nc6 5.dxc5 a5 6.Bb5 Bd7 7.b4 e6 8.Nd4 Qc8 
9.Bb2 e5 10.Bxc6 Bxc6 11.Nxc6 Qxc6 12.a3 Be7 13.Nd2 b6 14.cxb6 O-O 15.O-O 
Qxb6 16.Qe2 Rfc8 17.Nb3 Ne4 18.Qd3 a4 19.Nd2 Nxd2 20.Qxd2 Qb5 21.Rfd1 Rd8 
22.Qd3 Qc6 23.Rac1 Rac8 24.Qe2 Bf6 25.f3 h6 26.e4 Bg5 27.Rc2 d4 28.c4 Rd7 
29.Qd3 Rdc7 30.Bc1 Bxc1 31.Rdxc1 Qa6 32.Qf1 Kf8 33.c5 d3 34.Rc3 Rd7 35.Rd1
Rcd8 36.Rd2 Kg8 37.h3 Kf8 38.Kh1 Kg8 39.Qb1 Qb5 40.c6 Rc7 41.Rdxd3 Rd4 42.
Rxd4 exd4 43.Rc5 Qe2 44.b5 d3 45.Rd5 d2 46.Qc2 Qe1+ 47.Kh2 Qc1 48.Rxd2 1-0

[Event "11th EUR-ch"]
[Site "Rijeka CRO"]
[Date "2010.03.10"]
[Round "5"]
[White "Pantaleoni, Claudio"]
[Black "Monjac, Mislav"]
[Result "1/2-1/2"]
[WhiteElo "2179"]
[BlackElo "1876"]
[EventDate "2010.03.06"]
[PlyCount "118"]

1.Nf3 Nf6 2.c4 e6 3.g3 c5 4.Bg2 Nc6 5.O-O Be7 6.Nc3 O-O 7.d4 cxd4 8.Nxd4 
a6 9.b3 Qc7 10.Bb2 Rd8 11.Rc1 Nxd4 12.Qxd4 Bf8 13.Na4 Rb8 14.c5 d6 15.Rfd1
Bd7 16.cxd6 Qa5 17.Rc5 Bb5 18.Bc3 Rxd6 19.Qxd6 Bxd6 20.Bxa5 Bxc5 21.Bc7 
Rc8 22.Nxc5 Rxc7 23.Nxb7 g6 24.Bf3 Bxe2 25.Bxe2 Rxb7 26.Rd6 Ra7 27.Rxa6 
Rxa6 28.Bxa6 Kf8 29.f3 Ke7 30.Kf2 Kd6 31.Ke3 Nd5+ 32.Kd4 Nb4 33.Bf1 Nxa2 
34.Kc4 Ke5 35.b4 Nxb4 36.Kxb4 Kd4 37.Bb5 Ke3 38.Bc6 Kf2 39.Kc4 Kg2 40.Kd4 
Kxh2 41.g4 f6 42.Be8 Kg3 43.Ke3 f5 44.gxf5 exf5 45.f4 Kg4 46.Bf7 g5 47.
fxg5 Kxg5 48.Kf3 h5 49.Bxh5 Kxh5 50.Kf4 Kg6 51.Kf3 Kg5 52.Kg3 f4+ 53.Kf3 
Kf5 54.Kf2 Ke4 55.Ke2 f3+ 56.Kf2 Kf4 57.Kf1 Ke3 58.Ke1 f2+ 59.Kf1 Kf3 
1/2-1/2

[Event "11th EUR-ch"]
[Site "Rijeka CRO"]
[Date "2010.03.10"]
[Round "5"]
[White "Plenca, Jadranko"]
[Black "Welz, Peter"]
[Result "0-1"]
[WhiteElo "1718"]
[BlackElo "2148"]
[EventDate "2010.03.06"]
[PlyCount "32"]

1.e4 e6 2.d4 d5 3.exd5 exd5 4.Bd3 Nc6 5.c3 Bd6 6.Ne2 Qh4 7.Qb3 Nge7 8.Nd2 
h6 9.h3 O-O 10.Nf3 Qf6 11.O-O Bxh3 12.Qxb7 Rab8 13.Qa6 Bg4 14.Nh2 Bd7 15.
Bc2 Nxd4 16.Nxd4 Bxh2+ 0-1

[Event "11th EUR-ch"]
[Site "Rijeka CRO"]
[Date "2010.03.10"]
[Round "5"]
[White "Dubrovic, Gabriel"]
[Black "Ofstad, Per"]
[Result "1/2-1/2"]
[WhiteElo "1606"]
[BlackElo "2197"]
[EventDate "2010.03.06"]
[PlyCount "46"]

1.e3 d5 2.d4 Nf6 3.c4 c6 4.Nc3 g6 5.Nf3 Bg7 6.a3 O-O 7.Bd3 Nbd7 8.b4 Qc7 
9.cxd5 Nxd5 10.Nxd5 cxd5 11.Bb2 Nb6 12.O-O Bf5 13.Bxf5 gxf5 14.Qd3 e6 15.
a4 Rfc8 16.b5 Qc2 17.Qxc2 Rxc2 18.Rfb1 Rac8 19.Ne1 R2c4 20.a5 Na4 21.Nd3 
Bf8 22.Kf1 Bd6 23.Ba3 Bxa3 1/2-1/2

[Event "11th EUR-ch"]
[Site "Rijeka CRO"]
[Date "2010.03.10"]
[Round "5"]
[White "Ortega, Lexy"]
[Black "Pfeifer, Antun"]
[Result "1-0"]
[WhiteElo "2479"]
[BlackElo "1882"]
[EventDate "2010.03.06"]
[PlyCount "76"]

1.d4 c5 2.d5 d6 3.Nc3 g6 4.e4 Nf6 5.Nf3 a6 6.a4 Bg4 7.Be2 Nbd7 8.Bf4 Nh5 
9.Be3 Bg7 10.Qd2 Bxf3 11.Bxf3 Nhf6 12.Be2 O-O 13.O-O Re8 14.f3 Qc7 15.Rfd1
Reb8 16.a5 Ne8 17.Ra2 b5 18.axb6 Rxb6 19.Rda1 Qc8 20.Nd1 Nc7 21.c3 Qb7 22.
h4 Rb8 23.h5 Ne5 24.hxg6 hxg6 25.Qe1 Qc8 26.Qg3 f5 27.f4 Ng4 28.Bxg4 fxg4 
29.Bc1 e5 30.Ne3 exf4 31.Qxf4 Qd7 32.Nc4 R6b7 33.Qxd6 Qb5 34.Ra4 Re8 35.
Qxg6 Nxd5 36.Nd6 Qe2 37.Qxe8+ Kh7 38.Qh5+ Kg8 1-0

[Event "11th EUR-ch"]
[Site "Rijeka CRO"]
[Date "2010.03.10"]
[Round "5"]
[White "Winkler, Stefan"]
[Black "Dinter, Brian"]
[Result "1/2-1/2"]
[WhiteElo "1855"]
[BlackElo "2110"]
[EventDate "2010.03.06"]
[PlyCount "151"]

1.e4 c6 2.d4 g6 3.Nf3 d5 4.e5 Bg7 5.h3 Nh6 6.g4 f6 7.Bf4 O-O 8.Qd2 Nf7 9.
c4 Be6 10.b3 c5 11.Nc3 Nc6 12.dxc5 dxc4 13.exf6 Bxf6 14.bxc4 Qa5 15.Rc1 
Nfe5 16.Nxe5 Bxe5 17.Be3 Rad8 18.Nd5 Qxd2+ 19.Bxd2 Bd4 20.Be3 Bxe3 21.fxe3
Bc8 22.Be2 e6 23.Nc3 Ne5 24.Ne4 Bd7 25.Rf1 Bc6 26.Rxf8+ Rxf8 27.Ng5 Rf6 
28.h4 h6 29.Nh3 Nf3+ 30.Bxf3 Rxf3 31.Nf4 Rxe3+ 32.Kd2 Re4 33.Nxg6 Rxg4 34.
Ne7+ Kf7 35.Nxc6 bxc6 36.Rb1 Rxc4 37.Rb7+ Kf6 38.Rxa7 Rxc5 39.a4 Kf5 40.
Kd3 e5 41.a5 Kg4 42.a6 Kxh4 43.Rc7 h5 44.Ke4 Kg4 45.Rg7+ Kh3 46.Rg5 h4 47.
Rg6 Kh2 48.a7 Ra5 49.Rxc6 Rxa7 50.Kxe5 Rf7 51.Rg6 h3 52.Ke4 Rf2 53.Ke3 Rg2
54.Rh6 Rg7 55.Kf2 Rf7+ 56.Ke3 Kg2 57.Rg6+ Kh1 58.Ke2 Rf5 59.Rg7 Kh2 60.Rg6
Ra5 61.Rg7 Ra2+ 62.Kf1 Rg2 63.Rh7 Rg4 64.Kf2 Rf4+ 65.Ke3 Rf1 66.Ke2 Rg1 
67.Kf2 Rg6 68.Kf1 Rf6+ 69.Ke2 Kg2 70.Rg7+ Kh1 71.Rh7 h2 72.Rg7 Ra6 73.Rg5 
Ra2+ 74.Kf1 Ra1+ 75.Kf2 Rg1 76.Rh5 1/2-1/2

[Event "11th EUR-ch"]
[Site "Rijeka CRO"]
[Date "2010.03.10"]
[Round "5"]
[White "Cabrijan, Ivan"]
[Black "Piro, Valerio"]
[Result "0-1"]
[WhiteElo "1811"]
[BlackElo "2067"]
[EventDate "2010.03.06"]
[PlyCount "98"]

1.e4 c6 2.Nc3 d5 3.d4 dxe4 4.Nxe4 Bf5 5.Ng3 Bg6 6.Nf3 Nd7 7.c3 e6 8.Be2 
Ngf6 9.O-O c5 10.Bb5 a6 11.Be2 Be7 12.Re1 O-O 13.Qb3 b5 14.Qd1 Nd5 15.Bd2 
Bf6 16.a3 Qb6 17.Be3 c4 18.Nd2 Be7 19.Bf3 N7f6 20.Bg5 Ra7 21.Ndf1 h6 22.
Bd2 a5 23.Ne2 Rc7 24.Nf4 Bh7 25.Nxd5 Nxd5 26.Ng3 b4 27.axb4 axb4 28.Bxd5 
exd5 29.Ne2 b3 30.f4 Be4 31.Ng3 f5 32.Qh5 Kh7 33.Ra4 g6 34.Qe2 Ra7 35.Rea1
Rfa8 36.Rxa7 Rxa7 37.Qe1 Ra2 38.Rxa2 bxa2 39.Qa1 Bb1 40.Nf1 Qe6 41.Be3 Qe4
42.Kf2 g5 43.g3 gxf4 44.Bxf4 Bg5 45.b4 cxb3 46.Ne3 Bxf4 47.gxf4 Qxf4+ 48.
Ke2 Qxh2+ 49.Ke1 b2 0-1

[Event "11th EUR-ch"]
[Site "Rijeka CRO"]
[Date "2010.03.10"]
[Round "5"]
[White "Krsnik Cohar, Ivan Vihor"]
[Black "Nastic, Milorad"]
[Result "1-0"]
[WhiteElo "1718"]
[BlackElo "2009"]
[EventDate "2010.03.06"]
[PlyCount "56"]

1.d4 e6 2.Nf3 Nf6 3.Bg5 d5 4.e3 Nbd7 5.Nbd2 c5 6.c3 Be7 7.Bd3 b6 8.Qe2 O-O
9.e4 cxd4 10.Nxd4 Ne5 11.Bc2 dxe4 12.Bxf6 Bxf6 13.Qxe4 g6 14.Qxa8 Qd7 15.
Qe4 Bb7 16.Qf4 Kg7 17.f3 Ba6 18.Ne4 Qe7 19.Qxf6+ Qxf6 20.Nxf6 Kxf6 21.
O-O-O b5 22.Rhe1 Rc8 23.g4 g5 24.h4 h6 25.hxg5+ hxg5 26.a3 Bb7 27.Be4 Ba6 
28.Bc2 Bb7 1-0